[Event "Dresden ol (Women) 38th"]
[Site "Dresden"]
[Date "2008.11.17"]
[Round "5.1"]
[White "Rapport, Jovana"]
[Black "Hansen, Evgenia Peicheva"]
[Result "1/2-1/2"]
[WhiteElo "2332"]
[BlackElo "2169"]
[PlyCount "75"]
[EventDate "2008.11.13"]
[EventType "team-tourn"]
[EventRounds "11"]
[EventCountry "GER"]
[SourceTitle "CBM 128"]
[Source "ChessBase"]
[SourceDate "2009.01.28"]
[SourceVersion "1"]
[SourceVersionDate "2009.01.28"]
[SourceQuality "1"]
[WhiteTeam "Montenegro "]
[BlackTeam "Danmark"]
[WhiteTeamCountry "MNE"]
[BlackTeamCountry "DEN"]

1. d4 d5 2. c4 e6 3. Nc3 Nf6 4. cxd5 exd5 5. Bg5 Be7 6. e3 c6 7. Bd3 Nbd7 8.
Nge2 Nf8 9. Qc2 h6 10. Bh4 Bg4 11. f3 Bh5 12. Bxf6 Bxf6 13. Nf4 Bg6 14. Nxg6
Nxg6 15. Bxg6 fxg6 16. Qxg6+ Kd7 17. Qf5+ Ke7 18. O-O Rf8 19. Qd3 Kf7 20. Kh1
Kg8 21. Rad1 Qb6 22. b3 Rad8 23. Ne2 Rfe8 24. e4 dxe4 25. fxe4 Kh8 26. Qe3 Rd6
27. Qg3 Qd8 28. Qe3 c5 29. d5 Rxd5 30. Rxd5 Qxd5 31. Rxf6 Qd1+ 32. Ng1 gxf6 33.
Qxh6+ Kg8 34. Qg6+ Kf8 35. Qxf6+ Kg8 36. Qg6+ Kf8 37. Qf6+ Kg8 38. Qg6+ 1/2-1/2

[Event "Dresden ol (Women) 38th"]
[Site "Dresden"]
[Date "2008.11.17"]
[Round "5.2"]
[White "Fredericia, Louise Winther"]
[Black "Stojanovic, Marija R"]
[Result "1-0"]
[WhiteElo "2095"]
[BlackElo "2199"]
[PlyCount "81"]
[EventDate "2008.11.13"]
[EventType "team-tourn"]
[EventRounds "11"]
[EventCountry "GER"]
[SourceTitle "CBM 128"]
[Source "ChessBase"]
[SourceDate "2009.01.28"]
[SourceVersion "1"]
[SourceVersionDate "2009.01.28"]
[SourceQuality "1"]
[WhiteTeam "Danmark"]
[BlackTeam "Montenegro "]
[WhiteTeamCountry "DEN"]
[BlackTeamCountry "MNE"]

1. e4 c5 2. Nf3 d6 3. g3 g6 4. Bg2 Bg7 5. c3 Nf6 6. O-O O-O 7. Re1 Nc6 8. d3 e5
9. Nbd2 d5 10. exd5 Nxd5 11. Nc4 Re8 12. a4 Bf5 13. Ng5 Nb6 14. Qb3 Qc7 15. a5
Nxc4 16. Qxc4 h6 17. Ne4 b6 18. b4 cxb4 19. cxb4 Be6 20. Qxc6 Qxc6 21. Nf6+
Bxf6 22. Bxc6 e4 23. Ra3 bxa5 24. Rxa5 exd3 25. Bd2 Rec8 26. Bxa8 Rxa8 27. Re3
Rd8 28. Ra3 Bc4 29. Re4 Bb5 30. Rxa7 Bg5 31. f4 Bf6 32. Rc7 Ra8 33. Kf2 Rd8 34.
Ke3 Rd6 35. Rc1 Bd8 36. Rc8 Kh7 37. Bc3 g5 38. Rb8 Bb6+ 39. Kd2 gxf4 40. Rh8+
Kg6 41. Rg8+ 1-0

[Event "Dresden ol (Women) 38th"]
[Site "Dresden"]
[Date "2008.11.17"]
[Round "5.3"]
[White "Milovic, Aleksandra"]
[Black "Treppendahl, Trine"]
[Result "1-0"]
[WhiteElo "2176"]
[BlackElo "2049"]
[PlyCount "91"]
[EventDate "2008.11.13"]
[EventType "team-tourn"]
[EventRounds "11"]
[EventCountry "GER"]
[SourceTitle "CBM 128"]
[Source "ChessBase"]
[SourceDate "2009.01.28"]
[SourceVersion "1"]
[SourceVersionDate "2009.01.28"]
[SourceQuality "1"]
[WhiteTeam "Montenegro "]
[BlackTeam "Danmark"]
[WhiteTeamCountry "MNE"]
[BlackTeamCountry "DEN"]

1. e4 c6 2. d4 d5 3. Nd2 dxe4 4. Nxe4 Nf6 5. Nxf6+ gxf6 6. c3 Bf5 7. Bd3 Bxd3
8. Qxd3 Qc7 9. Ne2 e6 10. Bf4 Bd6 11. Bxd6 Qxd6 12. Ng3 Nd7 13. Ne4 Qf4 14. g3
Qc7 15. O-O-O O-O-O 16. Qe3 f5 17. Ng5 Nf6 18. d5 Rxd5 19. Rxd5 cxd5 20. Qxa7
Ne4 21. Qa8+ Qb8 22. Qxb8+ Kxb8 23. Nxf7 Rc8 24. f3 Nf2 25. Rf1 Rc7 26. Ne5 Nh3
27. f4 d4 28. c4 b5 29. b3 bxc4 30. Nxc4 h5 31. Kd2 h4 32. Ke2 Ra7 33. a4 Rb7
34. Rb1 hxg3 35. hxg3 d3+ 36. Kf3 Rc7 37. Kg2 Rh7 38. Rh1 Rb7 39. Nd2 Nxf4+ 40.
gxf4 Rc7 41. Kf2 Rg7 42. Rh3 Rg4 43. Ke3 Kc7 44. Rf3 Kd6 45. Kxd3 Kd5 46. Nc4
1-0

[Event "Dresden ol (Women) 38th"]
[Site "Dresden"]
[Date "2008.11.17"]
[Round "5.4"]
[White "Frank Nielsen, Marie"]
[Black "Misovic, Sanja"]
[Result "1-0"]
[WhiteElo "1971"]
[BlackElo "1937"]
[PlyCount "81"]
[EventDate "2008.11.13"]
[EventType "team-tourn"]
[EventRounds "11"]
[EventCountry "GER"]
[SourceTitle "CBM 128"]
[Source "ChessBase"]
[SourceDate "2009.01.28"]
[SourceVersion "1"]
[SourceVersionDate "2009.01.28"]
[SourceQuality "1"]
[WhiteTeam "Danmark"]
[BlackTeam "Montenegro "]
[WhiteTeamCountry "DEN"]
[BlackTeamCountry "MNE"]

1. e4 c5 2. Nf3 e6 3. c3 Nf6 4. e5 Nd5 5. d4 cxd4 6. cxd4 d6 7. Bd3 Nc6 8. a3
Qc7 9. O-O Bd7 10. Qe2 Na5 11. Nc3 Nxc3 12. bxc3 Nb3 13. Rb1 Nxc1 14. Rfxc1 a6
15. d5 Be7 16. c4 O-O 17. c5 Qa5 18. exd6 Bf6 19. c6 bxc6 20. dxc6 Bc8 21. d7
Bxd7 22. cxd7 Rfd8 23. Be4 Ra7 24. Bc6 Qxa3 25. Qe3 Qxe3 26. fxe3 a5 27. Ba4
Raa8 28. Rc7 Kf8 29. Rbc1 Ke7 30. Rc8 Rb8 31. Rxd8 Rxd8 32. Rc8 e5 33. e4 Kd6
34. Kf2 Be7 35. Ke3 g6 36. h4 f5 37. Ng5 Bxg5+ 38. hxg5 Ke7 39. Rc5 Kd6 40.
Rxa5 f4+ 41. Kd3 1-0

[Event "Dresden ol (Women) 38th"]
[Site "Dresden"]
[Date "2008.11.22"]
[Round "9.1"]
[White "Dauletova, Gulmira"]
[Black "Dalsberg, Sandra de Blecourt"]
[Result "1-0"]
[WhiteElo "2253"]
[BlackElo "2078"]
[PlyCount "69"]
[EventDate "2008.11.13"]
[EventType "team-tourn"]
[EventRounds "11"]
[EventCountry "GER"]
[SourceTitle "CBM 128"]
[Source "ChessBase"]
[SourceDate "2009.01.28"]
[SourceVersion "1"]
[SourceVersionDate "2009.01.28"]
[SourceQuality "1"]
[WhiteTeam "Kazakhstan"]
[BlackTeam "Danmark"]
[WhiteTeamCountry "KAZ"]
[BlackTeamCountry "DEN"]

1. e4 e6 2. d4 d5 3. Nc3 Nf6 4. e5 Nfd7 5. f4 c5 6. Nf3 Nc6 7. Be3 cxd4 8. Nxd4
Bc5 9. Qd2 a6 10. O-O-O O-O 11. h4 Nxd4 12. Bxd4 b5 13. Bxc5 Nxc5 14. Qd4 Qc7
15. Rh3 Bb7 16. Bd3 Rac8 17. Kb1 Nxd3 18. Qxd3 Qc4 19. Ne2 f6 20. Re3 d4 21.
Nxd4 fxe5 22. Qxc4 Rxc4 23. Rxe5 Rd8 24. c3 b4 25. Kc2 bxc3 26. bxc3 Bxg2 27.
Rxe6 Ra4 28. Re7 Rxa2+ 29. Kd3 Rf2 30. Rg1 Kf8 31. Re5 Bh3 32. Ke3 Rb2 33. f5
Rd7 34. Ne6+ Kg8 35. Ng5 1-0

[Event "Dresden ol (Women) 38th"]
[Site "Dresden"]
[Date "2008.11.22"]
[Round "9.2"]
[White "Fredericia, Louise Winther"]
[Black "Sergeyeva, Maria"]
[Result "0-1"]
[WhiteElo "2095"]
[BlackElo "2325"]
[PlyCount "120"]
[EventDate "2008.11.13"]
[EventType "team-tourn"]
[EventRounds "11"]
[EventCountry "GER"]
[SourceTitle "CBM 128"]
[Source "ChessBase"]
[SourceDate "2009.01.28"]
[SourceVersion "1"]
[SourceVersionDate "2009.01.28"]
[SourceQuality "1"]
[WhiteTeam "Danmark"]
[BlackTeam "Kazakhstan"]
[WhiteTeamCountry "DEN"]
[BlackTeamCountry "KAZ"]

1. e4 c5 2. Nf3 d6 3. g3 Nc6 4. Bg2 g6 5. O-O Bg7 6. c3 e5 7. d3 Nge7 8. a3 a5
9. a4 O-O 10. Na3 h6 11. Be3 f5 12. Qc1 Kh7 13. Ne1 Be6 14. f4 Rc8 15. Nf3 exf4
16. gxf4 Nd4 17. Qe1 Nb3 18. Rd1 d5 19. Qh4 Kg8 20. Ne5 d4 21. Bf2 g5 22. Qh3
gxf4 23. Nac4 Rf6 24. Qh5 fxe4 25. dxe4 Ng6 26. Nxg6 Bxc4 27. Bh4 Bxf1 28. Bxf6
Qxf6 29. Rxf1 Kh7 30. Nxf4 Qg5 31. Qh3 Rf8 32. Qg3 Nd2 33. Rf2 dxc3 34. bxc3
Bxc3 35. Qxc3 Nxe4 36. Qc2 Re8 37. Kf1 Qf5 38. Bxe4 Qxe4 39. Nd5 Kh8 40. Qxe4
Rxe4 41. Rf7 Kg8 42. Nf6+ Kxf7 43. Nxe4 b6 44. Ke2 Ke6 45. Kd3 Ke5 46. Nc3 h5
47. Ke3 h4 48. h3 c4 49. Kf3 Kd4 50. Nb5+ Kd3 51. Kg4 c3 52. Nxc3 Kxc3 53. Kxh4
Kb4 54. Kg5 b5 55. axb5 Kxb5 56. h4 a4 57. h5 a3 58. Kg6 a2 59. h6 a1=Q 60. Kh7
Qf6 0-1

[Event "Dresden ol (Women) 38th"]
[Site "Dresden"]
[Date "2008.11.22"]
[Round "9.4"]
[White "Frank Nielsen, Marie"]
[Black "Saduakassova, Dinara"]
[Result "1-0"]
[WhiteElo "1971"]
[BlackElo "1863"]
[PlyCount "126"]
[EventDate "2008.11.13"]
[EventType "team-tourn"]
[EventRounds "11"]
[EventCountry "GER"]
[SourceTitle "CBM 128"]
[Source "ChessBase"]
[SourceDate "2009.01.28"]
[SourceVersion "1"]
[SourceVersionDate "2009.01.28"]
[SourceQuality "1"]
[WhiteTeam "Danmark"]
[BlackTeam "Kazakhstan"]
[WhiteTeamCountry "DEN"]
[BlackTeamCountry "KAZ"]

1. e4 c5 2. c3 d5 3. exd5 Qxd5 4. d4 Nf6 5. Nf3 Bg4 6. Be2 e6 7. O-O cxd4 8.
cxd4 Nc6 9. Nc3 Qa5 10. h3 Bh5 11. Be3 Bd6 12. a3 a6 13. b4 Qc7 14. Rc1 Qd7 15.
Qb3 Bb8 16. Rfd1 O-O 17. d5 exd5 18. Nxd5 Qe6 19. Nxf6+ Qxf6 20. Bg5 Qf5 21. g4
Bxg4 22. hxg4 Qxg4+ 23. Kf1 Qh3+ 24. Ke1 Ne5 25. Nd4 Qg2 26. Be3 Ba7 27. Nf5
Qh1+ 28. Kd2 Rfd8+ 29. Kc3 Qe4 30. Ng3 Qc6+ 31. Kb2 Qf6 32. Ka2 Bxe3 33. Qxe3
Qe6+ 34. Qb3 Qf6 35. Ne4 Qf4 36. Qe3 Qf5 37. Ng3 Qe6+ 38. Qb3 Qf6 39. Ne4 Qf4
40. Qe3 Qf5 41. Rxd8+ Rxd8 42. Qg5 Qxg5 43. Nxg5 Rd2+ 44. Kb1 g6 45. Re1 h5 46.
f4 Nc6 47. Bc4 Rd4 48. Bxf7+ Kg7 49. Be8 Nd8 50. Re7+ Kf6 51. Rd7 Rxf4 52. Nh7+
Ke6 53. Rxd8 Ke7 54. Rb8 Rf1+ 55. Kc2 Rg1 56. Ba4 Rg2+ 57. Kc1 Rg1+ 58. Bd1 h4
59. Rxb7+ Kd6 60. Nf6 g5 61. Rg7 h3 62. Ng4 Rg2 63. Rh7 Kd5 1-0